Campeonato Brasileiro Série A Teams Since 2003 - Statistics

General Stats
  • This quiz has been taken 453 times
    98 since last reset
  • The average score is 35 of 46
Answer Stats
# of Appearances Last Played Team % Correct
24 2026 Flamengo
99%
24 2026 Fluminense
99%
22 2026 Palmeiras
99%
23 2026 Santos
99%
21 2026 Botafogo
98%
22 2026 Grêmio
98%
24 2026 São Paulo
98%
19 2026 Vasco da Gama
98%
23 2026 Corinthians
96%
23 2026 Atlético Mineiro
95%
23 2026 Internacional
95%
21 2026 Cruzeiro
93%
10 2025 Fortaleza
92%
22 2026 Athletico Paranaense
90%
1 2026 Remo
88%
14 2026 Bahia
86%
8 2025 Ceará
86%
2 2026 Mirassol
86%
7 2026 Red Bull Bragantino
86%
13 2026 Vitória
86%
8 2026 Chapecoense
84%
16 2026 Coritiba
82%
9 2025 Juventude
81%
5 2024 Criciúma
78%
12 2025 Sport Recife
78%
6 2023 América Mineiro
76%
15 2023 Goiás
76%
4 2024 Cuiabá
73%
7 2022 Avaí
72%
6 2018 Paraná Clube
70%
3 2005 Paysandu
69%
1 2019 CSA
67%
9 2017 Ponte Preta
67%
11 2016 Figueirense
65%
3 2013 Portuguesa
65%
2 2016 Santa Cruz
63%
8 2024 Atlético Goianiense
60%
3 2010 Guarani
59%
1 2015 Joinville
59%
5 2013 Náutico
59%
4 2006 São Caetano
52%
1 2009 Santo André
51%
2 2010 Grêmio Prudente
46%
1 2007 América de Natal
40%
1 2005 Brasiliense
39%
1 2008 Ipatinga
33%
No matching quizzes found
Score Distribution
Percent of People with Each Score
Percentile by Number Answered
Your Score History
You have not taken this quiz since the last reset